Design patterns explained: a new perspective on object-oriented design (Record no. 13726)

000 -LEADER
fixed length control field 00466nam a22001697a 4500
020 ## - INTERNATIONAL STANDARD BOOK NUMBER
International Standard Book Number 9788131700846
082 ## - DEWEY DECIMAL CLASSIFICATION NUMBER
Classification number 004.117 SHA
100 ## - MAIN ENTRY--PERSONAL NAME
Personal name Alan Shalloway
245 ## - TITLE STATEMENT
Title Design patterns explained: a new perspective on object-oriented design
250 ## - EDITION STATEMENT
Edition statement 2nd ed.
260 ## - PUBLICATION, DISTRIBUTION, ETC.
Place of publication, distribution, etc. Delhi
Name of publisher, distributor, etc. Pearson
Date of publication, distribution, etc. 2006
300 ## - PHYSICAL DESCRIPTION
Extent 429p.
650 ## - SUBJECT ADDED ENTRY--TOPICAL TERM
Topical term or geographic name entry element Object oriented methods(Computer Science)
650 ## - SUBJECT ADDED ENTRY--TOPICAL TERM
Topical term or geographic name entry element Computer software-development
700 ## - ADDED ENTRY--PERSONAL NAME
Personal name James R. Trott
942 ## - ADDED ENTRY ELEMENTS (KOHA)
Koha item type Book
Holdings
Withdrawn status Lost status Damaged status Not for loan Collection code Permanent Location Current Location Shelving location Date acquired Source of acquisition Cost, normal purchase price Total Checkouts Full call number Barcode Date last seen Price effective from Koha item type
          Central Library (CL) Central Library (CL) First Floor - Computer Science 09/28/2016 Allied Book Company 568.00   004.117 SHA SEECS013501 09/28/2016 09/28/2016 Book
© 2023 Central Library, National University of Sciences and Technology. All Rights Reserved.